00445nam a2200169Ia 4500008004100000020001800041050001400059100002100073245002500094245004700119260003100166260002200197260000900219300001500228300002200243300001000265180207s9999 xx 000 0 und d a9780663381932 bC649 1982 aClymer, Theodore aLittle dog laughed / cby Theodore Clymer and Richard L. Venezky. aLexington, Massachusetts : bGinn and Company, c1982 a52 pages : bchiefly colored ; c23cm.